| 000 | 01196cam a2200337 a 4500 | ||
|---|---|---|---|
| 001 | 3528295 | ||
| 005 | 20030701165804.0 | ||
| 008 | 960927r20072009iia |rb 101 0 eng d | ||
| 010 | _a 96078686 | ||
| 020 | _a8185749469 | ||
| 035 | _a(OCoLC)36223058 | ||
| 040 |
_aMdU _cMdU _dDLC |
||
| 050 | 0 | 4 |
_aTJ263 _b.T493 1996 |
| 082 | 0 | 0 |
_a621.4021 _222 _bKUM |
| 100 |
_912887 _aKumar, D. S. |
||
| 245 | 0 | 0 |
_aThermal Science and Engineering / _cD.S. Kumar |
| 250 | _a3rd ed. & rev. | ||
| 260 |
_aNew Delhi : _bKataria & Sons, 2007 _c2007 |
||
| 300 |
_a741 p. : _bill. ; _c28 cm. |
||
| 500 | _aIncludes Index. | ||
| 650 | 0 |
_aThermodynamics. _911229 |
|
| 650 | 0 | _910912 | |
| 650 | 0 | _910913 | |
| 650 | 0 | _910914 | |
| 710 | 2 | _910917 | |
| 711 | 2 | _910918 | |
| 942 |
_2ddc _cBB |
||
| 999 |
_c13266 _d13266 |
||